| 000 | 00961nam a2200253 i 4500 | ||
|---|---|---|---|
| 001 | 114787 | ||
| 003 | ES-MaACL | ||
| 005 | 20251204114525.0 | ||
| 007 | t| | ||
| 008 | 070327s1910 sp |||| | spa d | ||
| 100 | 1 |
_aRíos, Blanca de los, _d1859-1956 _997357 |
|
| 245 | 1 | 3 |
_aDel Siglo de Oro _b: (estudios literarios) / _cBlanca de los Ríos ; con prólogo del Excmo. Sr. D. Marcelino Menéndez y Pelayo. |
| 260 |
_aMadrid : _b[s.n.], _c1910 ( _fImp. de Bernardo Rodríguez) |
||
| 300 |
_aXLV, 275 p. ; _c19 cm. |
||
| 490 | 1 |
_aObras completas ; _v3 |
|
| 530 | _aDisponible en formato digital. | ||
| 650 | 1 | 4 |
_aLiteratura española- _yS.XVI-XVII- _xHistoria y crítica. _914571 |
| 700 | 1 |
_aMenéndez y Pelayo, Marcelino, _d1856-1912 _980332 |
|
| 830 | 0 |
_aObras completas ; _v3 _9176447 |
|
| 852 |
_aES-MaACL _jB-4268 _cSPB |
||
| 856 | 4 |
_uhttps://archive.org/details/delsiglodeoroest00ro/page/n5 _yInternet Archive |
|
| 942 | _2udc | ||
| 999 |
_c114787 _d114787 |
||